[Event "57th Biel Rapid Open"]
[Site "Biel SUI"]
[Date "2024.07.14"]
[Round "6.25"]
[White "Kheerthi, Ganta"]
[Black "Illijin, Neboisa"]
[Result "1-0"]
[WhiteTitle "WFM"]
[BlackTitle "IM"]
[WhiteElo "1918"]
[BlackElo "2141"]
[WhiteFideId "25626280"]
[BlackFideId "1200798"]
[EventDate "2024.07.14"]
[EventType "swiss"]

1. d4 Nf6 2. Nf3 e6 3. e3 c5 4. Bd3 d5 5. b3 Nc6 6. Bb2 a6 7. a4 cxd4 8. exd4
Bd6 9. Ne5 Qc7 10. f4 Nb4 11. O-O Nxd3 12. Qxd3 Ne4 13. Ba3 Bxa3 14. Nxa3 f6 15.
Ng4 O-O 16. c4 Bd7 17. Ne3 Qd6 18. c5 Qc7 19. Nac2 Be8 20. f5 exf5 21. Nxd5 Qf7
22. Rxf5 Ng5 23. Nb6 Rd8 24. Rf2 Qc7 25. b4 Bg6 26. Qc4+ Bf7 27. Qd3 Rfe8 28.
Re1 Rxe1+ 29. Nxe1 a5 30. Nc2 axb4 31. Nxb4 Ne6 32. N6d5 Qa5 33. c6 Rxd5 34.
Nxd5 Qxd5 35. cxb7 Qxb7 36. a5 Nc7 37. Re2 Qc6 38. Rc2 Qb7 39. Qc3 Ne8 40. Rb2
Qa7 41. Rb6 h5 42. h4 Kh7 43. Qc5 Qd7 44. a6 Qg4 45. a7 Qxh4 46. Qf5+ Bg6 47.
Qf2 Qe4 48. Rb8 Nc7 49. Kh2 Qe7 50. Qg3 Be4 51. Rc8 Na8 52. Qb8 Kg6 53. Re8 Qb7
54. Rg8 Nb6 55. Qxb7 Bxb7 56. Rb8 Nc8 57. Rxb7 1-0

[Event "57th Biel Rapid Open"]
[Site "Biel SUI"]
[Date "2024.07.14"]
[Round "6.26"]
[White "Lang, Fabian"]
[Black "Menzi, Jonas"]
[Result "1/2-1/2"]
[WhiteElo "1957"]
[BlackElo "2100"]
[WhiteFideId "1310160"]
[BlackFideId "1345133"]
[EventDate "2024.07.14"]
[EventType "swiss"]

1. d4 d5 2. Nf3 Nf6 3. e3 g6 4. Bd3 Bg7 5. Nbd2 c5 6. c3 Qc7 7. O-O O-O 8. e4
dxe4 9. Nxe4 cxd4 10. Nxd4 Nxe4 11. Bxe4 Rd8 12. Qe2 a6 13. Be3 Nd7 14. Rfd1 Nf6
15. Bc2 b6 16. Qf3 Bb7 17. Qg3 Qc8 18. Nb3 Nd5 19. Bd4 f6 20. h4 e5 21. Be3 Nxe3
22. Qxe3 Qc6 23. f3 f5 24. a4 Rac8 25. a5 b5 26. Qb6 Qxb6+ 27. axb6 Bf8 28. Kf1
Rxd1+ 29. Bxd1 Rc6 30. Na5 Rxb6 31. Nxb7 Rxb7 32. Rxa6 Be7 33. g3 Kf7 34. Bb3+
Kg7 35. Ke2 f4 36. gxf4 exf4 37. h5 gxh5 38. Bd5 Rb8 39. Ra7 Kf6 40. Be4 h4 41.
Ra6+ Kg7 42. Re6 Bf6 43. Ra6 Be7 44. Re6 Bf6 45. Ra6 Be7 46. Re6 Re8 47. Bc6 Kf7
48. Bxe8+ Kxe6 49. Bxb5 Kd5 50. Bd3 h6 51. Bf5 Kc4 52. Kd2 Kb3 53. Kc1 Bc5 54.
Be6+ Ka4 55. b4 Be3+ 56. Kc2 Bf2 57. Kd3 Kb5 58. Ke4 Be3 59. Kd3 Bf2 60. Ke4 Be1
61. Kd3 Bf2 62. Ke4 1/2-1/2

[Event "57th Biel Rapid Open"]
[Site "Biel SUI"]
[Date "2024.07.14"]
[Round "6.27"]
[White "Haas, Anthony"]
[Black "Olarte, Stefan"]
[Result "0-1"]
[WhiteElo "1824"]
[BlackElo "1902"]
[WhiteFideId "1346407"]
[BlackFideId "1356232"]
[EventDate "2024.07.14"]
[EventType "swiss"]

1. d4 g6 2. c4 Bg7 3. Nf3 a6 4. e4 Nc6 5. Nc3 e5 6. d5 Nd4 7. Be3 c5 8. Be2 d6
9. O-O h5 10. Nd2 Nh6 11. a3 f5 12. exf5 Nhxf5 13. Nde4 Nxe3 14. fxe3 Nf5 15.
Qd3 O-O 16. Rf3 Bh6 17. Ng3 Nh4 18. Rxf8+ Qxf8 19. Rf1 Qe7 20. Nce4 Bf5 21. Bxh5
Bxe4 22. Nxe4 gxh5 23. Nf6+ Kh8 24. g3 Qg7 25. Kh1 Rf8 0-1

[Event "57th Biel Rapid Open"]
[Site "Biel SUI"]
[Date "2024.07.14"]
[Round "6.28"]
[White "Papaux, Jeremie"]
[Black "Nasybullina, Alfia"]
[Result "0-1"]
[BlackTitle "WIM"]
[WhiteElo "1808"]
[BlackElo "1997"]
[WhiteFideId "1340867"]
[BlackFideId "4132416"]
[EventDate "2024.07.14"]
[EventType "swiss"]

1. Nf3 Nf6 2. c4 c5 3. Nc3 e6 4. e3 Nc6 5. d4 cxd4 6. exd4 d5 7. Bd3 Nb4 8. Be2
dxc4 9. Bxc4 Be7 10. O-O O-O 11. Ne5 Nbd5 12. a3 a6 13. Bb3 Qd6 14. Qd3 b5 15.
Bc2 Bb7 16. Nxd5 Nxd5 17. Qe4 f5 18. Qd3 Rac8 19. Bb3 Bf6 20. f4 Rfe8 21. Bd2
Bd8 22. g4 fxg4 23. f5 Bb6 24. fxe6 Qxe5 25. Rf7 Bxd4+ 26. Kf1 Rxe6 27. Rxb7
Rf8+ 28. Kg2 Rf2+ 29. Kh1 Qxh2# 0-1

[Event "57th Biel Rapid Open"]
[Site "Biel SUI"]
[Date "2024.07.14"]
[Round "6.29"]
[White "Mkrtchyan, Anahit D."]
[Black "Sadeghi, Hassan Roger"]
[Result "0-1"]
[WhiteElo "1831"]
[BlackElo "2057"]
[WhiteFideId "13307533"]
[BlackFideId "1304712"]
[EventDate "2024.07.14"]
[EventType "swiss"]

1. d4 Nc6 2. Nf3 d6 3. e4 Nf6 4. Bd3 e5 5. dxe5 Nxe5 6. Nxe5 dxe5 7. O-O Bc5 8.
Bg5 h6 9. Bh4 Qe7 10. Nc3 c6 11. a3 g5 12. Bg3 h5 13. h4 Ng4 14. hxg5 h4 15. Bh2
Qxg5 16. Qf3 Nxh2 17. Kxh2 Bg4 18. Qxg4 Qxg4 19. b4 Bd4 0-1

[Event "57th Biel Rapid Open"]
[Site "Biel SUI"]
[Date "2024.07.14"]
[Round "6.30"]
[White "Frey, Fabian"]
[Black "Jordan, Theodor"]
[Result "1-0"]
[WhiteElo "2184"]
[BlackElo "1894"]
[WhiteFideId "1336487"]
[BlackFideId "1353152"]
[EventDate "2024.07.14"]
[EventType "swiss"]

1. c4 c5 2. Nf3 Nc6 3. g3 g6 4. Bg2 Bg7 5. h4 Nf6 6. Nc3 d5 7. cxd5 Nxd5 8. h5
Be6 9. h6 Bxc3 10. bxc3 Nf6 11. d4 cxd4 12. cxd4 Bd5 13. Kf1 e6 14. Bg5 Ke7 15.
Rh4 Nb8 16. e4 Bc4+ 17. Kg1 Nd7 18. e5 Re8 19. Qc1 Rc8 20. Qa3+ Nc5 21. Bxf6+ 1-0

[Event "57th Biel Rapid Open"]
[Site "Biel SUI"]
[Date "2024.07.14"]
[Round "6.31"]
[White "Bachmann, Daniel"]
[Black "Zargarov, Mikayel"]
[Result "0-1"]
[WhiteElo "1713"]
[BlackElo "2033"]
[WhiteFideId "1357492"]
[BlackFideId "1342410"]
[EventDate "2024.07.14"]
[EventType "swiss"]

1. e4 c5 2. c3 d5 3. exd5 Qxd5 4. d4 Nc6 5. Nf3 Bf5 6. Na3 cxd4 7. cxd4 e6 8.
Nb5 Rc8 9. a3 Nf6 10. Nc3 Qd6 11. g3 Bg4 12. Bg2 Be7 13. Bf4 Qd7 14. O-O O-O 15.
Qd2 Rfd8 16. d5 exd5 17. Ne5 Nxe5 18. Bxe5 d4 19. Bxf6 Bxf6 20. Ne4 Be7 21. f3
Bf5 22. Nf2 Qb5 23. Rfc1 d3 24. Rxc8 Rxc8 25. Rc1 Rxc1+ 26. Qxc1 g6 27. Bf1 Bf6
28. b4 Bd4 29. g4 Be6 30. Kg2 Qd7 31. Nxd3 Qd5 32. h3 Qa2+ 33. Kh1 Qb3 34. Ne1
Bb2 35. Qd2 Qxa3 36. Bg2 Qc3 37. Qxc3 Bxc3 38. Nd3 Bc4 39. Nc5 b6 0-1

[Event "57th Biel Rapid Open"]
[Site "Biel SUI"]
[Date "2024.07.14"]
[Round "6.33"]
[White "Pappier, Carlos"]
[Black "Materia, Matteo"]
[Result "1/2-1/2"]
[WhiteElo "2202"]
[BlackElo "1860"]
[WhiteFideId "102598"]
[BlackFideId "45150575"]
[EventDate "2024.07.14"]
[EventType "swiss"]

1. d4 Nf6 2. c4 e6 3. Nc3 d5 4. Bg5 Be7 5. e3 O-O 6. cxd5 Nxd5 7. Bxe7 Qxe7 8.
Nf3 b6 9. Bd3 Nd7 10. Nxd5 exd5 11. Qc2 Nf6 12. Rc1 Bd7 13. O-O c6 14. Ne5 Rfc8
15. Ba6 Rc7 16. Qa4 Qd6 17. Rc2 Ng4 18. Nxg4 Bxg4 19. Rfc1 Bd7 20. b4 c5 21. Bb5
c4 22. Bxd7 Qxd7 23. Qxd7 Rxd7 24. b5 Kf8 25. Kf1 a5 26. a4 Re8 27. Ke1 f5 28.
Re2 Rde7 29. Rcc2 Kf7 30. Kd1 Kf6 31. Rcd2 g5 32. Ke1 h5 1/2-1/2

[Event "57th Biel Rapid Open"]
[Site "Biel SUI"]
[Date "2024.07.14"]
[Round "6.34"]
[White "Szakolczai, Peter"]
[Black "Ranieri, Pierpaolo"]
[Result "1-0"]
[WhiteTitle "FM"]
[WhiteElo "2188"]
[BlackElo "1909"]
[WhiteFideId "705624"]
[BlackFideId "893986"]
[EventDate "2024.07.14"]
[EventType "swiss"]

1. e4 e5 2. Nf3 Nc6 3. d4 exd4 4. Bc4 Nf6 5. e5 d5 6. Bb5 Ne4 7. Nxd4 Bd7 8.
Bxc6 Bxc6 9. O-O Bc5 10. Be3 O-O 11. Nxc6 bxc6 12. Bxc5 Nxc5 13. Nc3 Rb8 14. b3
Rb4 15. a3 Rh4 16. f4 f6 17. g3 Rh6 18. Qd4 Ne6 19. Qd3 Nc5 20. Qd2 fxe5 21.
fxe5 Re6 22. Qd4 Qe7 23. Rxf8+ Kxf8 24. Rf1+ Kg8 25. b4 Nd7 26. b5 Qc5 27. Qxc5
Nxc5 28. bxc6 Rxe5 29. Rd1 Re6 30. Nxd5 Kf7 31. Rf1+ Kg8 32. c4 Ne4 33. Re1 Ng5
34. Rb1 Rxc6 35. Ne7+ 1-0

[Event "57th Biel Rapid Open"]
[Site "Biel SUI"]
[Date "2024.07.14"]
[Round "6.35"]
[White "Kuhn, Thomas"]
[Black "Primbetova, Raikhan"]
[Result "1-0"]
[WhiteElo "2094"]
[BlackElo "1534"]
[WhiteFideId "1304135"]
[BlackFideId "13733494"]
[EventDate "2024.07.14"]
[EventType "swiss"]

1. Nf3 d5 2. g3 c5 3. Bg2 Nf6 4. O-O Bf5 5. c4 e6 6. cxd5 Nxd5 7. e4 Bxe4 8.
Qa4+ Nc6 9. Qxe4 Be7 10. Nc3 Nf6 11. Qe2 h5 12. Ne4 Nd5 13. h4 f6 14. d3 Qd7 15.
Bh3 Kf7 16. Re1 Ne5 17. Neg5+ Ke8 18. Bf1 1-0

[Event "57th Biel Rapid Open"]
[Site "Biel SUI"]
[Date "2024.07.14"]
[Round "6.36"]
[White "Coletta, Stephane"]
[Black "Rotunno, Flavio"]
[Result "0-1"]
[WhiteElo "1918"]
[BlackElo "2168"]
[WhiteFideId "1309056"]
[BlackFideId "1338528"]
[EventDate "2024.07.14"]
[EventType "swiss"]

1. c4 e5 2. Nc3 Nc6 3. Nf3 d6 4. d4 exd4 5. Nxd4 Nxd4 6. Qxd4 Nf6 7. g3 Be7 8.
Bg2 O-O 9. b3 Nd7 10. Bb2 Bf6 11. Qd2 Nc5 12. O-O Re8 13. Rfd1 Bf5 14. Rac1 Ne4
15. Nxe4 Bxe4 16. f3 Bc6 17. e4 Qe7 18. Re1 Bxb2 19. Qxb2 a5 20. Qd4 Qe5 21.
Qxe5 Rxe5 22. f4 Re7 23. c5 dxc5 24. Rxc5 Rd7 25. Kf2 Rd4 26. Re2 a4 27. bxa4
Rdxa4 28. Rcc2 Kf8 29. e5 Bxg2 30. Kxg2 c6 31. Red2 Ke7 32. Kf2 Ra3 33. Ke2 g5
34. Rb2 R8a7 35. Kf2 gxf4 36. gxf4 b5 37. Rbc2 R7a4 38. Rxc6 Rxf4+ 39. Kg2 Re3
40. Rc5 b4 41. Rb5 h5 42. e6 h4 43. h3 fxe6 44. Rb2 Ree4 45. Rf2 Kf6 46. Rh5 e5
47. Rh6+ Kg5 48. Rh8 Kf5 49. Rf8+ Ke6 50. Rh8 Kd5 51. Rc8 Rd4 52. Rxf4 Rxf4 53.
Rd8+ Ke4 54. Rd7 Ke3 55. Rb7 Rd4 56. Rg7 Rd2+ 57. Kf1 Rxa2 58. Rg4 b3 59. Rxh4
b2 60. Rb4 Ra1+ 61. Kg2 b1=Q 0-1

[Event "57th Biel Rapid Open"]
[Site "Biel SUI"]
[Date "2024.07.14"]
[Round "6.37"]
[White "Bernhard, Simon"]
[Black "Musaelyan, Arshavir"]
[Result "1-0"]
[WhiteElo "1801"]
[BlackElo "1981"]
[WhiteFideId "1362127"]
[BlackFideId "1332082"]
[EventDate "2024.07.14"]
[EventType "swiss"]

1. e4 c5 2. Nf3 Nc6 3. d4 cxd4 4. Nxd4 Nf6 5. Nc3 e5 6. Ndb5 d6 7. Bg5 a6 8.
Bxf6 gxf6 9. Na3 b5 10. Nd5 Bg7 11. Qf3 O-O 12. h4 f5 13. exf5 e4 14. Qg3 Bxf5
15. O-O-O Kh8 16. Kb1 Be5 17. f4 exf3 18. Qxf3 Be6 19. Bd3 Nd4 20. Qh5 f5 21.
Ne3 Bf4 22. Rde1 Bf7 23. Qd1 Qf6 24. Rhf1 Bg3 25. Bxf5 Bxe1 26. Be4 Qe6 27. Bxa8
Qxa2+ 28. Kc1 Nb3+ 29. cxb3 Rc8+ 30. Nec2 Qxb3 31. Rxe1 Bg6 32. Qd4+ Kg8 33.
Bd5+ 1-0

[Event "57th Biel Rapid Open"]
[Site "Biel SUI"]
[Date "2024.07.14"]
[Round "6.38"]
[White "Schmied, Stefan"]
[Black "Jud, Marc"]
[Result "0-1"]
[WhiteElo "1794"]
[BlackElo "1925"]
[WhiteFideId "1335804"]
[BlackFideId "1309099"]
[EventDate "2024.07.14"]
[EventType "swiss"]

1. Nf3 Nf6 2. g3 b6 3. Bg2 Bb7 4. d4 d6 5. O-O Nbd7 6. b3 c5 7. c4 cxd4 8. Nxd4
Bxg2 9. Kxg2 Qc7 10. Bb2 a6 11. Nc3 e6 12. Rc1 Be7 13. e4 Qb7 14. f3 h5 15. h4
g6 16. Nc2 O-O-O 17. Ne3 Kb8 18. Qe2 Rhg8 19. Kf2 g5 20. hxg5 Rxg5 21. Rh1 Rdg8
22. Rh3 d5 23. cxd5 Bc5 24. Na4 exd5 25. Nxc5 bxc5 26. exd5 Nxd5 27. Nc4 Qc7 28.
Rg1 Nf4 29. gxf4 Rxg1 30. Be5 R8g2+ 0-1

[Event "57th Biel Rapid Open"]
[Site "Biel SUI"]
[Date "2024.07.14"]
[Round "6.40"]
[White "Marinkovic, Zoran"]
[Black "Materia, Mario"]
[Result "1-0"]
[WhiteElo "2105"]
[BlackElo "1590"]
[WhiteFideId "1346083"]
[BlackFideId "651082241"]
[EventDate "2024.07.14"]
[EventType "swiss"]

1. e4 e5 2. Nf3 Nc6 3. d4 exd4 4. Nxd4 Nf6 5. Nxc6 bxc6 6. e5 Nd5 7. c4 Nb6 8.
Bd3 d5 9. exd6 cxd6 10. O-O Be7 11. Re1 O-O 12. Qf3 Qc7 13. Qe4 f5 14. Qxe7 Qxe7
15. Rxe7 Ba6 16. Nd2 d5 17. b3 Rfe8 18. Rxe8+ Rxe8 19. Bb2 Rd8 20. Bxf5 g6 21.
Be6+ Kf8 22. cxd5 cxd5 23. Bf6 Rd6 24. Re1 d4 25. Bg5 d3 26. Bh6+ Ke7 27. Bc4+
Kd7 28. Bxa6 Nd5 29. Ne4 Rb6 30. Bxd3 Nb4 31. Bc4 Nc2 32. Rd1+ Ke7 33. Bg5+ Kf8
34. Bf6 Rxf6 35. Nxf6 Kg7 36. Ne4 Nb4 37. a4 Nc6 38. Rd7+ Kh6 39. Bg8 Ne5 40.
Rxh7# 1-0

[Event "57th Biel Rapid Open"]
[Site "Biel SUI"]
[Date "2024.07.14"]
[Round "6.41"]
[White "Chauvon, Guillaume"]
[Black "Wild, Beat"]
[Result "1-0"]
[WhiteElo "2061"]
[BlackElo "1732"]
[WhiteFideId "206784"]
[BlackFideId "1320041"]
[EventDate "2024.07.14"]
[EventType "swiss"]

1. Nf3 d5 2. d4 e6 3. g3 c5 4. Bg2 Nc6 5. O-O cxd4 6. Nxd4 Nf6 7. c4 Bc5 8. Nb3
Be7 9. cxd5 Nxd5 10. e4 Nf6 11. Qe2 O-O 12. Rd1 Qc7 13. Nc3 e5 14. Bg5 Be6 15.
Bxf6 Bxf6 16. Nd5 Bxd5 17. exd5 Nd4 18. Nxd4 exd4 19. Rac1 Qd6 20. Qb5 1-0

[Event "57th Biel Rapid Open"]
[Site "Biel SUI"]
[Date "2024.07.14"]
[Round "6.42"]
[White "Akhmediyar, Yernur"]
[Black "Mikavica, Dragoljub"]
[Result "1-0"]
[WhiteElo "1751"]
[BlackElo "2025"]
[WhiteFideId "13732129"]
[BlackFideId "1308726"]
[EventDate "2024.07.14"]
[EventType "swiss"]

1. c4 Nf6 2. Nc3 c5 3. g3 Nc6 4. Bg2 h5 5. h3 e6 6. e4 d6 7. Nge2 g6 8. d4 cxd4
9. Nxd4 Bg7 10. Nxc6 bxc6 11. e5 Nd7 12. Bxc6 Ba6 13. Qa4 Rc8 14. Qxa6 O-O 15.
Bxd7 Qxd7 16. Qxd6 Qb7 17. O-O Rfd8 18. Qa3 Bxe5 19. Ne2 Qe4 20. Qe3 Qf5 21. Qg5
Qe4 22. Nc3 Qf5 23. Qxf5 exf5 24. Be3 Rxc4 25. Bxa7 f4 26. gxf4 Bxf4 27. Rad1
Ra8 28. Rd4 Rac8 29. Rxc4 Rxc4 30. Rd1 Be5 31. Rd3 g5 32. Rd5 f6 33. Rc5 Rb4 34.
Rc8+ Kf7 35. Nd1 g4 36. hxg4 Rxg4+ 37. Kf1 h4 38. Bb8 Bd4 39. Ne3 Re4 40. Rc4 h3
41. Kg1 Rh4 42. Bg3 h2+ 43. Kh1 Re4 44. Kxh2 f5 45. Nxf5 Re2 46. Rxd4 Rxb2 47.
a4 Ke6 48. Ne3 Ra2 49. Kg2 Ra3 50. Kf3 Kf6 51. Ke4 Ke6 52. Bc7 Ra2 53. f4 Re2
54. a5 Ra2 55. f5+ Ke7 56. Ke5 Re2 57. f6+ Kf7 58. Rd7+ Kg6 59. Rg7+ Kh6 60. Bb6
Re1 61. a6 Rb1 62. Nf5+ Kh5 63. Rh7+ Kg4 64. Ne3+ Kg5 65. a7 Rb5+ 66. Nd5 Kg6
67. Rg7+ Kh6 68. a8=Q 1-0

[Event "57th Biel Rapid Open"]
[Site "Biel SUI"]
[Date "2024.07.14"]
[Round "6.43"]
[White "Naarden, Amindo"]
[Black "Villiger, Jan"]
[Result "0-1"]
[WhiteElo "1993"]
[BlackElo "1805"]
[WhiteFideId "1018507"]
[BlackFideId "1340891"]
[EventDate "2024.07.14"]
[EventType "swiss"]

1. c4 Nf6 2. Nc3 g6 3. d4 d5 4. cxd5 Nxd5 5. e4 Nxc3 6. bxc3 Bg7 7. Bc4 c5 8.
Be3 O-O 9. Ne2 Nc6 10. O-O b6 11. e5 cxd4 12. cxd4 Na5 13. Bd3 Bb7 14. Qd2 Rc8
15. Rac1 Qd7 16. f4 Qd5 17. Nc3 Qd7 18. Ne4 Rxc1 19. Rxc1 Rc8 20. Qf2 Qd5 21.
Rxc8+ Bxc8 22. Qc2 Bb7 23. Qc7 Bf8 24. Qc2 Qe6 25. Ng5 Qc6 26. Qe2 h6 27. Nf3 e6
28. Nd2 Qc3 29. Kf2 Nc6 30. Ne4 Qa1 31. Nf6+ Kg7 32. f5 Nxd4 33. Bxd4 Qxd4+ 34.
Qe3 Qxe3+ 35. Kxe3 Bc5+ 36. Ke2 exf5 37. g3 Bc6 38. g4 fxg4 39. Nxg4 Bd4 40. e6
fxe6 41. Ne3 Bxe3 42. Kxe3 Bd5 43. a3 Kf6 44. h4 g5 45. hxg5+ Kxg5 46. Bf1 Kg4
47. Be2+ Kg5 48. Bf1 h5 49. Bh3 Kh4 50. Bf1 Kg3 51. Kd4 h4 52. Ke5 h3 53. Bxh3
Kxh3 54. Kd6 Bc4 55. Kc7 e5 56. Kb7 e4 57. Kxa7 b5 58. Kb6 e3 0-1

[Event "57th Biel Rapid Open"]
[Site "Biel SUI"]
[Date "2024.07.14"]
[Round "6.46"]
[White "Stebahne, Olaf"]
[Black "Gillieron, Kevin (13882)"]
[Result "1-0"]
[WhiteElo "1897"]
[BlackElo "1759"]
[WhiteFideId "24600270"]
[BlackFideId "1357778"]
[EventDate "2024.07.14"]
[EventType "swiss"]

1. c4 e6 2. Nc3 d5 3. cxd5 exd5 4. d4 Nf6 5. g3 Be7 6. Bg2 c6 7. Nf3 O-O 8. O-O
Bf5 9. Re1 Ne4 10. Qb3 Qb6 11. Qxb6 axb6 12. a3 Nd7 13. Nd2 Ndf6 14. Ncxe4 Nxe4
15. Nxe4 Bxe4 16. f3 Bf5 17. e4 dxe4 18. fxe4 Bg4 19. Be3 Rfe8 20. h3 Bh5 21.
Rac1 Ra4 22. Rc3 Bg6 23. Bf2 Bg5 24. Re2 Kf8 25. g4 f5 26. Rf3 Rc4 27. h4 Bf6
28. h5 fxg4 29. Rxf6+ gxf6 30. hxg6 Rc1+ 31. Kh2 hxg6 32. Bg3 f5 33. e5 Ke7 34.
Bf4 Rh8+ 35. Kg3 Rg1 36. Be3 Rf8 37. Bg5+ Ke6 38. Be3 f4+ 39. Bxf4 Kf5 40. Be3
Rh8 41. Bxg1 Rd8 42. Rf2+ Kg5 43. Rf6 c5 44. Be3+ Kh5 45. Rf7 cxd4 46. Rh7# 1-0

[Event "57th Biel Rapid Open"]
[Site "Biel SUI"]
[Date "2024.07.14"]
[Round "6.47"]
[White "Caduff, Simon"]
[Black "Tcheau, Alain"]
[Result "0-1"]
[WhiteElo "1694"]
[BlackElo "1991"]
[WhiteFideId "1351311"]
[BlackFideId "1306014"]
[EventDate "2024.07.14"]
[EventType "swiss"]

1. e4 e6 2. d4 d5 3. exd5 exd5 4. Bd3 Nc6 5. c3 Be6 6. Nf3 f6 7. Bf4 Bd6 8. Bxd6
Qxd6 9. Nbd2 O-O-O 10. b4 Re8 11. O-O Kb8 12. Nb3 Bc8 13. Nc5 h5 14. a4 Nge7 15.
a5 Nd8 16. b5 h4 17. b6 cxb6 18. axb6 axb6 19. Nb3 g5 20. h3 g4 21. hxg4 Bxg4
22. Be2 Bd7 23. c4 h3 24. g3 Reg8 25. Kh2 Qe6 26. c5 Rg7 27. cxb6 Rhg8 28. Ra8+
Kxa8 29. Qa1+ Ba4 30. Qxa4+ Kb8 31. Qa7+ Kc8 32. Qa8+ Kd7 33. Nc5+ Kd6 34. Nxe6
Kxe6 35. Qxb7 Nxb7 0-1

[Event "57th Biel Rapid Open"]
[Site "Biel SUI"]
[Date "2024.07.14"]
[Round "6.49"]
[White "Ademi, Rexhe"]
[Black "Hauser, Armando"]
[Result "1-0"]
[WhiteElo "1635"]
[BlackElo "1840"]
[WhiteFideId "1350366"]
[BlackFideId "1340514"]
[EventDate "2024.07.14"]
[EventType "swiss"]

1. g3 d5 2. Bg2 Nf6 3. Nf3 Bf5 4. c3 e6 5. O-O Be7 6. d4 O-O 7. Nbd2 c5 8. Nh4
Bg6 9. Nxg6 hxg6 10. e4 dxe4 11. Nxe4 Nxe4 12. Bxe4 Qc7 13. Bf4 Qb6 14. Qf3 Nc6
15. d5 exd5 16. Bxd5 Rac8 17. c4 Bf6 18. Qg4 Ne7 19. Bf3 Nf5 20. Rab1 Rcd8 21.
Rfe1 Rd4 22. h4 Rxc4 23. Bd5 Rd4 24. Qf3 Rb4 25. b3 Nd4 26. Qg4 Rd8 27. Bc4 Qc6
28. Re3 b5 29. a3 bxc4 30. axb4 cxb3 31. bxc5 Qxc5 32. Re4 Qc2 33. Ree1 b2 34.
Be3 Nb5 35. Qb4 a6 36. Bg5 Bc3 37. Qe4 Bxe1 38. Qxc2 Rb8 39. Rxe1 Nd4 40. Qd3 a5
41. Qxd4 b1=Q 42. Rxb1 Rxb1+ 43. Kg2 1-0

[Event "57th Biel Rapid Open"]
[Site "Biel SUI"]
[Date "2024.07.14"]
[Round "6.50"]
[White "Coletta, Julien"]
[Black "Farhat Willemstein, Stela Souza"]
[Result "0-1"]
[BlackTitle "WFM"]
[WhiteElo "1778"]
[BlackElo "1863"]
[WhiteFideId "1342223"]
[BlackFideId "2109808"]
[EventDate "2024.07.14"]
[EventType "swiss"]

1. e4 c5 2. Nc3 d6 3. g3 g6 4. Bg2 Bg7 5. f4 Nf6 6. d3 O-O 7. Nf3 Nc6 8. O-O Bg4
9. h3 Bd7 10. g4 e6 11. g5 Nh5 12. Kh2 f6 13. h4 fxg5 14. fxg5 Ne5 15. Be3 Ng4+
16. Kg1 Nxe3 17. Qe2 Nxf1 18. Bxf1 Ng3 19. Qg2 Nxf1 20. Rxf1 Qb6 21. Nd1 Bxb2
22. c3 Bc1 23. Rf2 Rf7 24. Nh2 Rxf2 25. Qxf2 Rf8 26. Qg2 Qb1 27. Ng4 Kg7 28. Nf6
Be3+ 29. Kh2 Qxd1 30. Nxd7 Rf2 0-1

[Event "57th Biel Rapid Open"]
[Site "Biel SUI"]
[Date "2024.07.14"]
[Round "6.51"]
[White "Mani, Thomas"]
[Black "Wolffs, Walter"]
[Result "0-1"]
[WhiteElo "1839"]
[BlackElo "1554"]
[WhiteFideId "1326783"]
[BlackFideId "3213994"]
[EventDate "2024.07.14"]
[EventType "swiss"]

1. d4 Nf6 2. Nf3 e6 3. c4 d5 4. Nc3 c5 5. Bg5 Nbd7 6. cxd5 cxd4 7. Qxd4 Bc5 8.
Qd2 Qb6 9. e3 Bb4 10. dxe6 Qxe6 11. Bd3 O-O 12. O-O Nc5 13. Nd4 Qe5 14. Bf4 Qh5
15. Be2 Qg6 16. Bf3 Nfe4 17. Qc2 Nxc3 18. Qxg6 hxg6 19. bxc3 Bxc3 20. Rad1 Bxd4
21. Rxd4 Ne6 22. Rb4 Nxf4 23. Rxf4 Rb8 24. Rc1 Be6 25. a3 b6 26. Ra4 Rbc8 27.
Rxc8 Rxc8 28. h3 Rc7 29. Rd4 Kf8 30. g4 Ke7 31. Kg2 Rd7 32. Ra4 Bb3 33. Rb4 Bd5
34. Kg3 Bxf3 35. Kxf3 Rd3 36. a4 Kd6 37. Ke4 Ra3 38. Rc4 Ra2 39. Kf3 Kd5 40. Rf4
f6 41. h4 Ke5 42. Rc4 Kd6 43. h5 g5 44. Kg3 Ra1 45. Kg2 Ra2 46. Kg3 a6 47. f4
gxf4+ 48. Kxf4 b5 49. axb5 axb5 50. Rb4 Ra4 51. Rd4+ Rxd4+ 52. exd4 b4 53. Ke3
b3 0-1

[Event "57th Biel Rapid Open"]
[Site "Biel SUI"]
[Date "2024.07.14"]
[Round "6.52"]
[White "Paholok, Igor"]
[Black "Rajendiram, Rajithan"]
[Result "1-0"]
[WhiteElo "1801"]
[BlackElo "1560"]
[WhiteFideId "1338951"]
[BlackFideId "1341987"]
[EventDate "2024.07.14"]
[EventType "swiss"]

1. d4 d5 2. Nf3 Nf6 3. e3 e6 4. Bd3 Bd7 5. Nbd2 Nc6 6. c3 Bd6 7. e4 dxe4 8. Nxe4
Nxe4 9. Bxe4 O-O 10. Ng5 f5 11. Bc2 h6 12. Nf3 Qe7 13. O-O e5 14. dxe5 Nxe5 15.
Bb3+ Kh8 16. Nxe5 Qxe5 17. f4 Qf6 18. Be3 Bc6 19. Qh5 Be8 20. Qh3 Bc6 21. Qh5
Be8 22. Qh3 Bc6 23. Qg3 Qe7 24. Bd4 Bc5 25. Rfe1 Bxd4+ 26. cxd4 Qd6 27. Rad1 Rf6
28. d5 Bb5 29. Qe3 a6 30. Rc1 Rc8 31. g3 c6 32. Qe7 Qb8 33. Re6 Qa7+ 34. Kg2
Rff8 35. d6 Rcd8 36. Rg6 Rg8 37. Bxg8 1-0

[Event "57th Biel Rapid Open"]
[Site "Biel SUI"]
[Date "2024.07.14"]
[Round "6.53"]
[White "Jordan, Christina"]
[Black "Parlak, Selahattin"]
[Result "1-0"]
[WhiteElo "1749"]
[BlackElo "1805"]
[WhiteFideId "1347977"]
[BlackFideId "1338625"]
[EventDate "2024.07.14"]
[EventType "swiss"]

1. e4 d5 2. exd5 Qxd5 3. Nc3 Qd8 4. d4 Nf6 5. Nf3 Bg4 6. Be2 e6 7. Be3 Bb4 8.
O-O O-O 9. h3 Bh5 10. Bg5 Be7 11. Re1 Nc6 12. Be3 Bb4 13. a3 Bxc3 14. bxc3 Ne4
15. Bd2 Bg6 16. Bd3 f5 17. Rb1 Rb8 18. Qe2 Qd6 19. Bxe4 fxe4 20. Ng5 Qd5 21.
Nxe4 Rbe8 22. f3 e5 23. Rb5 Qa2 24. d5 Ne7 25. c4 Qxc2 26. Rc1 Qa4 27. Nc5 Qxa3
28. Ne6 Rf5 29. Nxc7 Rb8 30. Rd1 a6 31. Ra5 Qd6 32. Ne6 Bf7 33. Ng5 Bg6 34. Ne4
Qb6+ 35. c5 Qb2 36. d6 Nc6 37. Raa1 Nd4 38. Qd3 Rf7 39. Bc3 Ne2+ 40. Kh1 Nxc3
41. Qxc3 Qb5 42. Rab1 Qd7 43. Qxe5 Bxe4 44. Qxe4 Re8 45. Qd5 Kf8 46. Rb6 Qa4 47.
Rdb1 Qc2 48. R6b2 Qg6 49. d7 Rd8 50. Rxb7 Rfxd7 51. Rxd7 Qxb1+ 52. Kh2 Qb8+ 53.
Rd6 Rxd6 54. cxd6 a5 55. Qf5+ Ke8 56. Qe6+ Kd8 57. Qe7+ Kc8 58. Qe8+ Kb7 59.
Qb5+ Kc8 60. Qc6+ Kd8 61. Qd5 a4 62. Qg8+ 1-0